[Event "International Tournament"]
[Site "Pool "]
[Date "2022.07.11"]
[Round "4.46"]
[White "Kurmangaliyeva, Liya"]
[Black "Poupalos, Nikolaos"]
[Result "1/2-1/2"]
[WhiteElo "2157"]
[BlackElo "2064"]
[PlyCount "85"]
[EventDate "2022.07.08"]

1. d4 Nf6 2. c4 e6 3. Nf3 d5 4. Nc3 c6 5. e3 Nbd7 6. Bd3 dxc4 7. Bxc4 b5 8. Bd3
b4 9. Ne4 Nxe4 10. Bxe4 Bb7 11. O-O Nf6 12. Bd3 Be7 13. e4 O-O 14. Qc2 h6 15.
Be3 Rc8 16. Rfd1 c5 17. dxc5 Ng4 18. Bd4 e5 19. h3 exd4 20. hxg4 Bxc5 21. Qd2
Re8 22. g5 hxg5 23. Qxg5 Qxg5 24. Nxg5 Bd6 25. g3 f6 26. Nf3 Bxe4 27. Nxd4 Bxd3
28. Rxd3 Be5 29. Rad1 a5 30. R3d2 Bxd4 31. Rxd4 Rc2 32. R1d2 Rec8 33. Rxc2 Rxc2
34. Rd5 a4 35. Ra5 Rxb2 36. Rxa4 Kf7 37. Kg2 g5 38. Kf3 Kg6 39. Ra5 Kh5 40. Rb5
Kg6 41. Ke3 f5 42. Rb6+ Kf7 43. Kf3 1/2-1/2

[Event "International Tournament"]
[Site "Pool "]
[Date "2022.07.11"]
[Round "4.48"]
[White "Harikrishnan.A.Ra"]
[Black "Bazyrtsyrenov, Kirill"]
[Result "1-0"]
[WhiteElo "2396"]
[BlackElo "2147"]
[PlyCount "56"]
[EventDate "2022.07.08"]

1. d4 Nf6 2. Nf3 e6 3. Bf4 c5 4. c3 Nc6 5. e3 d5 6. Nbd2 Bd6 7. Bg3 O-O 8. Bd3
b6 9. Qe2 Bb7 10. e4 Be7 11. e5 Nh5 12. Ng5 Bxg5 13. Qxh5 g6 14. Qe2 h5 15. f4
Bh6 16. Nf3 cxd4 17. Nxd4 Nxd4 18. cxd4 h4 19. Bf2 Bxf4 20. g3 hxg3 21. hxg3
Bg5 22. Be3 Kg7 23. Qh2 Rh8 24. Qxh8+ Qxh8 25. Rxh8 Bxe3 26. Rxa8 Bxa8 27. Ba6
Bxd4 28. Rc1 Bxe5 1-0

[Event "International Tournament"]
[Site "Pool "]
[Date "2022.07.11"]
[Round "4.49"]
[White "Pasti, Aron"]
[Black "Nikolov, Yavor"]
[Result "0-1"]
[WhiteElo "2365"]
[BlackElo "2138"]
[PlyCount "140"]
[EventDate "2022.07.08"]

1. e4 c5 2. Nf3 g6 3. c4 Bg7 4. d4 cxd4 5. Nxd4 Nc6 6. Be3 Qa5+ 7. Nc3 d6 8.
Be2 Bxd4 9. Bxd4 Nxd4 10. Qxd4 Nf6 11. O-O O-O 12. b3 Be6 13. Rfe1 Rac8 14. Qd3
a6 15. a4 Qb4 16. Rab1 Rc7 17. f4 Bd7 18. Kh1 b5 19. axb5 axb5 20. Rf1 Qc5 21.
h3 b4 22. Na2 Ra7 23. Rb2 Rfa8 24. Nc1 Bc6 25. Bf3 Ra1 26. Re2 Nd7 27. Ree1 Qa5
28. Qe2 Nc5 29. e5 Bxf3 30. Qxf3 Ne6 31. Nd3 Rxe1 32. Rxe1 Nd4 33. Qb7 Qa7 34.
Qd5 dxe5 35. Qxe5 Nc6 36. Qd5 Rc8 37. f5 Qd4 38. fxg6 hxg6 39. Qf3 e5 40. Rf1
Rc7 41. Nf2 f5 42. Rd1 Qc5 43. Rd5 Qe7 44. Qg3 Qf6 45. Nd3 Re7 46. c5 f4 47.
Qf3 Nd4 48. Qe4 Nf5 49. Kh2 Ng3 50. Qc4 Nf1+ 51. Kg1 Ne3 52. Rd8+ Kh7 53. Qg8+
Kh6 54. Rd6 Qg5 55. Qf8+ Rg7 56. Qa8 Ra7 57. Qh8+ Rh7 58. Qf8+ Rg7 59. g4 Qh4
60. Qh8+ Rh7 61. Rxg6+ Kxg6 62. Nxe5+ Kh6 63. Nf7+ Kg6 64. Qg8+ Kf6 65. g5+ Kf5
66. Qc8+ Ke4 67. Qa8+ Nd5 68. Nd6+ Ke5 69. Nc4+ Kd4 70. Qa1+ Nc3 0-1

[Event "International Tournament"]
[Site "Pool "]
[Date "2022.07.11"]
[Round "4.50"]
[White "Micic, Aleksa"]
[Black "Yordanov, Lachezar"]
[Result "1/2-1/2"]
[WhiteElo "2092"]
[BlackElo "2316"]
[PlyCount "48"]
[EventDate "2022.07.08"]

1. e4 c5 2. Nc3 d6 3. d4 cxd4 4. Qxd4 Nc6 5. Qd2 g6 6. b3 Bh6 7. f4 Nf6 8. Bb2
O-O 9. O-O-O e5 10. g3 Re8 11. Bg2 Bg4 12. Rf1 Nd4 13. h3 Bd7 14. Kb1 Bc6 15.
g4 Bg7 16. f5 d5 17. exd5 Nxd5 18. Nxd5 Bxd5 19. Bxd5 Qxd5 20. Ne2 Rad8 21.
Nxd4 exd4 22. Rh2 d3 23. Qxd3 Qxd3 24. cxd3 Rxd3 1/2-1/2

[Event "International Tournament"]
[Site "Pool "]
[Date "2022.07.11"]
[Round "4.51"]
[White "Anand, Batsukh"]
[Black "Ufimtsev, Egor"]
[Result "1-0"]
[WhiteElo "2312"]
[BlackElo "2137"]
[PlyCount "63"]
[EventDate "2022.07.08"]

1. d4 d5 2. c4 e6 3. Nf3 c6 4. g3 dxc4 5. Bg2 b5 6. Ne5 Bb7 7. O-O Nd7 8. Nc3
Qc8 9. b3 b4 10. Nxd7 Qxd7 11. Na4 Rd8 12. bxc4 c5 13. Bxb7 Qxb7 14. Nxc5 Bxc5
15. Qa4+ Qd7 16. Qxd7+ Kxd7 17. dxc5 Kc6 18. a3 b3 19. Rb1 Nf6 20. Rxb3 Ne4 21.
Rb2 Rb8 22. f3 Nxc5 23. Rd1 Rhd8 24. Rxd8 Rxd8 25. Be3 Na4 26. Rb4 Nb6 27. Kf2
Rd1 28. Rb5 g6 29. Ra5 Kb7 30. c5 Nc4 31. c6+ Kxc6 32. Rc5+ 1-0

[Event "International Tournament"]
[Site "Pool "]
[Date "2022.07.11"]
[Round "4.52"]
[White "Ahmad, Khagan"]
[Black "Todorovic, Nenad I"]
[Result "1-0"]
[WhiteElo "2081"]
[BlackElo "2302"]
[PlyCount "63"]
[EventDate "2022.07.08"]

1. d4 Nf6 2. c4 e6 3. Nc3 Bb4 4. e3 O-O 5. Bd3 d5 6. Nf3 c5 7. O-O dxc4 8. Bxc4
Nbd7 9. Qe2 cxd4 10. exd4 Bxc3 11. bxc3 b6 12. Bd3 Bb7 13. c4 Qc7 14. Bb2 Rfe8
15. Rfe1 Rac8 16. Rac1 Bc6 17. Ne5 Nxe5 18. Qxe5 Qxe5 19. Rxe5 Red8 20. f4 g6
21. Re3 Nd7 22. g4 Rb8 23. f5 b5 24. fxe6 bxc4 25. Rxc4 Rxb2 26. e7 Re8 27.
Rxc6 Nb6 28. Rd6 f6 29. g5 fxg5 30. Rd8 Kf7 31. Rxe8 Kxe8 32. Re5 1-0

[Event "International Tournament"]
[Site "Pool "]
[Date "2022.07.11"]
[Round "4.53"]
[White "Martic, Ivan"]
[Black "Munkhzul, Davaakhuu"]
[Result "0-1"]
[WhiteElo "2300"]
[BlackElo "2095"]
[PlyCount "80"]
[EventDate "2022.07.08"]

1. e4 e5 2. Nf3 Nc6 3. Bb5 a6 4. Ba4 Nf6 5. O-O Be7 6. Re1 b5 7. Bb3 d6 8. c3
O-O 9. h3 Nb8 10. d4 Nbd7 11. Nbd2 Bb7 12. Bc2 Re8 13. Nf1 Bf8 14. Bg5 h6 15.
Bh4 exd4 16. cxd4 g5 17. Nxg5 hxg5 18. Bxg5 Bg7 19. Ng3 Nf8 20. Nh5 N8h7 21.
Bh4 Qd7 22. Nxg7 Kxg7 23. e5 Nd5 24. Qh5 Rh8 25. Re4 Rag8 26. Rg4+ Kf8 27. Bf5
Qc6 28. Qh6+ Ke8 29. Qxh7 Ne7 30. exd6 Rxh7 31. d7+ Qxd7 32. Rxg8+ Nxg8 33.
Re1+ Kf8 34. Bxd7 Rxh4 35. Re8+ Kg7 36. Bg4 Nf6 37. Re7 Nxg4 38. Rxc7 Bd5 39.
hxg4 Rxg4 40. g3 Rxd4 0-1

[Event "International Tournament"]
[Site "Pool "]
[Date "2022.07.11"]
[Round "4.54"]
[White "Shoshin, Kirill"]
[Black "Sredojevic, Ivan"]
[Result "1-0"]
[WhiteElo "2055"]
[BlackElo "2254"]
[PlyCount "61"]
[EventDate "2022.07.08"]

1. e4 g6 2. d4 d6 3. Nc3 a6 4. h4 b5 5. h5 Bg7 6. h6 Bf8 7. Nf3 Nf6 8. Bg5 Bb7
9. e5 b4 10. exf6 bxc3 11. bxc3 exf6 12. Qe2+ Kd7 13. Be3 Be7 14. g4 Nc6 15.
Rb1 Rb8 16. d5 Na5 17. c4 Ba8 18. Rd1 Re8 19. c5 c6 20. dxc6+ Bxc6 21. Bg2 Bb5
22. Qd2 Nc4 23. Qd4 Qa5+ 24. c3 Kc8 25. cxd6 Bxd6 26. O-O Nxe3 27. fxe3 Bxf1
28. Qxd6 Bb5 29. Rd5 Rb7 30. c4 Rd7 31. Qxd7+ 1-0

[Event "International Tournament"]
[Site "Pool "]
[Date "2022.07.11"]
[Round "4.56"]
[White "Konyves, Almos"]
[Black "Al Atarji, Sami"]
[Result "1/2-1/2"]
[WhiteElo "2229"]
[BlackElo "2128"]
[PlyCount "130"]
[EventDate "2022.07.08"]

1. e4 c5 2. Nf3 Nc6 3. d4 cxd4 4. Nxd4 g6 5. c4 Nf6 6. Nc3 d6 7. Be2 Nxd4 8.
Qxd4 Bg7 9. Be3 O-O 10. Qd2 a5 11. O-O a4 12. Rab1 Qa5 13. b4 axb3 14. axb3 Qb4
15. Qc2 Bd7 16. Bd2 Qc5 17. b4 Qc7 18. Bg5 Rfc8 19. Rfe1 Qd8 20. f3 Be6 21. Nb5
b6 22. Be3 Bd7 23. Nd4 e5 24. Nb3 d5 25. c5 d4 26. Bg5 Ba4 27. Bc4 bxc5 28.
bxc5 h6 29. Bh4 g5 30. Bg3 Nd7 31. Bd5 Rxc5 32. Qa2 Bc6 33. Nxc5 Rxa2 34. Bxa2
Qa5 35. Nxd7 Bxd7 36. Bc4 Bf8 37. Ra1 Qb6 38. Bxe5 Bg7 39. Bxg7 Kxg7 40. Bd3
Be6 41. Rab1 Qa5 42. Red1 Qa4 43. Bf1 Qa3 44. Rd3 Qc5 45. Rbd1 Kf6 46. Rxd4 Ke5
47. g3 Qxd4+ 48. Rxd4 Kxd4 49. Kf2 h5 50. h4 g4 51. fxg4 Bxg4 52. Bg2 f5 53.
exf5 Bxf5 54. Bc6 Bg6 55. Kf3 Ke5 56. Ke3 Bf7 57. Bf3 Bg6 58. Be2 Bf7 59. Bd1
Bg6 60. Bf3 Bf7 61. Kd3 Bg6+ 62. Kc4 Kf6 63. Kd5 Kg7 64. Ke6 Kh6 65. Kf6 Bd3
1/2-1/2

[Event "International Tournament"]
[Site "Pool "]
[Date "2022.07.11"]
[Round "4.57"]
[White "Triantos, Konstantinos"]
[Black "Kolbert, Engelbert"]
[Result "1-0"]
[WhiteElo "2210"]
[BlackElo "2084"]
[Annotator "HP"]
[PlyCount "61"]
[EventDate "2022.07.08"]

{[%evp 0,61,16,28,47,23,42,50,1,-9,-15,-14,-19,-19,4,3,11,8,8,8,25,23,42,44,40,
-4,-10,-7,-5,-39,6,0,0,0,0,0,28,13,27,26,43,38,40,60,41,34,45,53,2,11,12,-63,
12,-17,78,-60,-60,-100,107,107,107,26,51,31]} 1. e4 e6 2. d4 d5 3. Nd2 Nf6 4.
e5 Nfd7 5. f4 c5 6. c3 Nc6 7. Ngf3 Qb6 8. dxc5 Bxc5 9. Qe2 O-O 10. Nb3 Be7 11.
Be3 Qc7 12. Qc2 f6 13. Nbd4 Nxd4 14. Bxd4 Nc5 15. Bd3 Nxd3+ 16. Qxd3 b6 17. O-O
f5 18. Kh1 a5 19. Rg1 h5 20. h3 g6 21. g4 hxg4 22. hxg4 Kf7 23. Rg2 Ba6 24. Qe3
Rh8+ 25. Nh2 Bc5 26. Rag1 Rag8 27. Qf3 Bxd4 28. cxd4 Bc4 29. gxf5 exf5 30. e6+
Kf6 31. Qe3 {Unclear} 1-0

[Event "International Tournament"]
[Site "Pool "]
[Date "2022.07.11"]
[Round "4.58"]
[White "Koudounis, Vasileios"]
[Black "Srija, Seshadri"]
[Result "1-0"]
[WhiteElo "2018"]
[BlackElo "2208"]
[PlyCount "109"]
[EventDate "2022.07.08"]

1. d4 Nf6 2. c4 g6 3. Nc3 Bg7 4. e4 d6 5. h3 O-O 6. Be3 c6 7. Nf3 e5 8. d5 cxd5
9. cxd5 Qe7 10. Nd2 Ne8 11. Be2 f5 12. f3 Bh6 13. Bf2 Qg5 14. g4 fxg4 15. hxg4
Qxd2+ 16. Qxd2 Bxd2+ 17. Kxd2 Bxg4 18. fxg4 Rxf2 19. Ke3 Rf8 20. g5 Nd7 21. Rh2
Rf4 22. Rg1 Nc7 23. Bg4 Nf8 24. Rc2 Re8 25. Ne2 Rf7 26. Rc4 Ree7 27. Rgc1 Kg7
28. Ra4 a6 29. Rb4 h6 30. gxh6+ Kxh6 31. Rb6 Ne8 32. Bc8 Kg7 33. Ng1 Nh7 34.
Nf3 Kf8 35. Rg1 Rc7 36. Be6 Rf6 37. Nh4 Kg7 38. Nf5+ Rxf5 39. Bxf5 Nf8 40. Kd3
Kf6 41. Bh3 Ke7 42. Rg2 Nf6 43. Rc2 Rxc2 44. Rxb7+ Ke8 45. Kxc2 Nxe4 46. Ra7
Nf2 47. Bf1 g5 48. Rxa6 g4 49. Rxd6 g3 50. Rf6 e4 51. d6 Nd3 52. d7+ Nxd7 53.
Re6+ Kf8 54. Rxe4 N3c5 55. Re3 1-0

[Event "International Tournament"]
[Site "Pool "]
[Date "2022.07.11"]
[Round "4.59"]
[White "Veselov, Yaroslav"]
[Black "Thrish, Karthik"]
[Result "1/2-1/2"]
[WhiteElo "2206"]
[BlackElo "2055"]
[PlyCount "64"]
[EventDate "2022.07.08"]

1. d4 d5 2. c4 c6 3. Nf3 Nf6 4. e3 Bf5 5. cxd5 cxd5 6. Qb3 Qc8 7. Bd2 Nc6 8.
Bb5 a6 9. Bxc6+ bxc6 10. O-O Rb8 11. Qa4 Rxb2 12. Rc1 Bd7 13. Ne5 e6 14. Nxd7
Kxd7 15. Bc3 Rb5 16. Nd2 Qb7 17. Rc2 Bd6 18. Rac1 Rc8 19. Nb3 Ke7 20. Be1 Qa8
21. Nc5 Bxc5 22. Rxc5 Nd7 23. R5c2 Nb6 24. Qa3+ Kd7 25. e4 Nc4 26. Qg3 Rg8 27.
a4 Rb7 28. Qf4 Ke7 29. Qh4+ g5 30. Qxh7 Rh8 31. Qg7 Qg8 32. Qxg8 Rxg8 1/2-1/2

[Event "International Tournament"]
[Site "Pool "]
[Date "2022.07.11"]
[Round "4.60"]
[White "Gusev, Mikhail"]
[Black "Efremov, Vladislav"]
[Result "0-1"]
[WhiteElo "2010"]
[BlackElo "2185"]
[PlyCount "90"]
[EventDate "2022.07.08"]

1. d4 Nf6 2. Nf3 b6 3. g3 Bb7 4. Bg2 g6 5. O-O Bg7 6. c4 O-O 7. Nc3 Ne4 8. Bf4
Nxc3 9. bxc3 d6 10. Qc2 Nd7 11. Rfd1 Qe8 12. Qd2 Nf6 13. Bh6 Qa4 14. Bxg7 Kxg7
15. Qd3 Ba6 16. Nd2 d5 17. Rdb1 Rac8 18. Rb4 Qd7 19. Qc2 c5 20. Ra4 Bxc4 21.
Nxc4 dxc4 22. Rd1 Rfd8 23. d5 b5 24. Ra5 Qb7 25. a4 a6 26. axb5 axb5 27. Rb1 b4
28. d6 b3 29. Qb2 Qb6 30. dxe7 Qxa5 31. exd8=Q Rxd8 32. Ra1 Qc7 33. Bf3 Qd6 34.
Rb1 Qd2 35. Qa1 Nd5 36. Bxd5 Rxd5 37. Qa8 Re5 38. e3 Qc2 39. Rf1 Qxc3 40. Qb8
Rd5 41. e4 Qe5 42. Qb5 Qxe4 43. Rc1 Rd2 44. Qa5 Qd4 45. Rf1 b2 0-1

[Event "International Tournament"]
[Site "Pool "]
[Date "2022.07.11"]
[Round "4.61"]
[White "Gokcek, Kursat Bugra"]
[Black "Doraszelski, Alexander"]
[Result "1-0"]
[WhiteElo "2185"]
[BlackElo "1946"]
[PlyCount "109"]
[EventDate "2022.07.08"]

1. d4 d5 2. c4 e6 3. Nf3 c5 4. cxd5 exd5 5. g3 Nc6 6. Bg2 Nf6 7. O-O c4 8. b3
cxb3 9. Qxb3 Be7 10. Bf4 O-O 11. Rc1 Na5 12. Qd1 b6 13. Ne5 Bb7 14. Nc3 Ne4 15.
Nxe4 dxe4 16. h4 Bd6 17. e3 f6 18. Ng4 Re8 19. Bxd6 Qxd6 20. Nh2 Qd7 21. Nf1
Bd5 22. Nd2 f5 23. Nb1 Rac8 24. Nc3 Bc4 25. Bh3 g6 26. Ne2 Qf7 27. Qd2 Bxe2 28.
Qxe2 Nc4 29. Bf1 b5 30. a4 a6 31. axb5 axb5 32. Qa2 Qd5 33. Qb3 Re7 34. Rab1
Rec7 35. Be2 Qf7 36. Qxb5 Na3 37. Rxc7 Rxc7 38. Qb8+ Kg7 39. Ra1 Qe7 40. d5 Rb7
41. Qa8 Nc2 42. Rc1 Ra7 43. Qc6 Nb4 44. Qc3+ Kh6 45. Qd4 Rd7 46. Rc5 Nd3 47.
Bxd3 exd3 48. Rc3 d2 49. Rd3 Rb7 50. Rxd2 Rb1+ 51. Kg2 Qa3 52. Rc2 Qa5 53. Qf4+
Kg7 54. Qe5+ Kh6 55. Rc7 1-0

[Event "International Tournament"]
[Site "Pool "]
[Date "2022.07.11"]
[Round "4.62"]
[White "Niharika, Ch"]
[Black "Citak, Selim"]
[Result "0-1"]
[WhiteElo "1988"]
[BlackElo "2176"]
[PlyCount "68"]
[EventDate "2022.07.08"]

1. e4 c5 2. Nf3 Nc6 3. d4 cxd4 4. Nxd4 g6 5. Nc3 Bg7 6. Be3 Nf6 7. Bc4 O-O 8.
Bb3 a5 9. f3 d5 10. exd5 Nb4 11. d6 Qxd6 12. Ndb5 Qe5 13. Qe2 a4 14. f4 Qb8 15.
Nxa4 Bg4 16. Qd2 Nfd5 17. c3 Nxe3 18. Qxe3 Qxf4 19. Qxf4 Nd3+ 20. Kf1 Nxf4 21.
Nc7 Rad8 22. h3 Bf5 23. Re1 Rd7 24. g3 Nd3 25. Re3 Rxc7 26. g4 Bh6 27. gxf5
Bxe3 28. Ke2 Nf2 29. Rg1 Ba7 30. fxg6 hxg6 31. Rxg6+ Kh7 32. Rg3 f5 33. c4 Ne4
34. Rg2 Rg8 0-1

[Event "International Tournament"]
[Site "Pool "]
[Date "2022.07.11"]
[Round "4.63"]
[White "Andreev, Konstantin"]
[Black "Nikulina, Alena"]
[Result "1-0"]
[WhiteElo "2174"]
[BlackElo "1923"]
[Annotator "HP"]
[PlyCount "77"]
[EventDate "2022.07.08"]

1. e4 c5 2. Nf3 e6 3. d4 cxd4 4. Nxd4 Nf6 5. Nc3 Nc6 6. Ndb5 Bb4 7. a3 Bxc3+ 8.
Nxc3 d5 9. exd5 exd5 10. Bd3 O-O 11. O-O h6 12. Bf4 Be6 13. Ne2 Ne4 14. Kh1 Qb6
15. Be3 Qxb2 16. Qe1 Qf6 17. f3 Nd6 18. a4 d4 19. Bf4 Nc4 20. Qg3 g5 21. Bc1
Bd5 22. Kg1 N4e5 23. f4 Nxd3 24. cxd3 Qe7 25. Re1 Rfe8 26. Bd2 Qf6 27. fxg5
hxg5 28. Rf1 Qe5 29. Rae1 Qxg3 30. Nxg3 Ne5 31. Ne4 Bxe4 32. Rxe4 Nxd3 33. Rxd4
Rad8 34. Rxd8 Rxd8 35. Bxg5 Rd5 36. Bf6 Ne5 37. Rf5 Rd1+ 38. Kf2 Ng6 39. h4 {
Unclear} 1-0

[Event "International Tournament"]
[Site "Pool "]
[Date "2022.07.11"]
[Round "4.64"]
[White "Vujcic, Milena"]
[Black "Vaibhav, Jayant Raut"]
[Result "0-1"]
[WhiteElo "1987"]
[BlackElo "2169"]
[PlyCount "78"]
[EventDate "2022.07.08"]

1. e4 c5 2. Nf3 e6 3. d4 cxd4 4. Nxd4 a6 5. Bd3 Ne7 6. O-O Nbc6 7. Nxc6 Nxc6 8.
c4 Bc5 9. Qg4 Qf6 10. Nc3 b6 11. Qg3 Qg6 12. Qh3 Ne5 13. Bf4 Qf6 14. Bd2 h5 15.
Na4 Bd4 16. Bc3 Bxc3 17. bxc3 Qf4 18. Nxb6 Rb8 19. Rab1 Bb7 20. Bc2 Ke7 21. Qg3
g5 22. Qxf4 gxf4 23. f3 h4 24. Kf2 d6 25. Rfd1 Bc6 26. Rb2 h3 27. g3 fxg3+ 28.
hxg3 h2 29. Rh1 Nd7 30. c5 Nxc5 31. Nc4 Rxb2 32. Nxb2 Rb8 33. Nd1 Ba4 34. Bxa4
Nxa4 35. Ke2 Rb1 36. Rxh2 Nxc3+ 37. Kd3 Nxd1 38. Rd2 Nb2+ 39. Kc2 Nc4 0-1

[Event "International Tournament"]
[Site "Pool "]
[Date "2022.07.11"]
[Round "4.65"]
[White "Ilijic, Mihajilo"]
[Black "Anirudh, Daga"]
[Result "1/2-1/2"]
[WhiteElo "2167"]
[BlackElo "1878"]
[PlyCount "92"]
[EventDate "2022.07.08"]

1. e4 e6 2. d4 d5 3. Nd2 dxe4 4. Nxe4 Nd7 5. Nf3 Ngf6 6. Nxf6+ Nxf6 7. g3 b6 8.
Ne5 Qd5 9. Rg1 Bb7 10. Bg2 Ne4 11. Qd3 f6 12. Nc4 O-O-O 13. c3 Qf5 14. Qe2 Re8
15. Be3 Nd6 16. g4 Qg6 17. Bxb7+ Kxb7 18. O-O-O Nxc4 19. Qxc4 Bd6 20. d5 exd5
21. Qxd5+ Kb8 22. h4 Qe4 23. h5 Bf4 24. Qxe4 Rxe4 25. Bxf4 Rxf4 26. Rd7 Rxf2
27. Re1 Rg2 28. Rxg7 Rd8 29. Rd1 Re8 30. Rd2 Rg1+ 31. Kc2 Re4 32. Rxh7 Rexg4
33. Rd8+ Kb7 34. Rdd7 Rc4 35. Rd4 Rg2+ 36. Kb3 Rxd4 37. cxd4 Kc6 38. Rf7 Rh2
39. Rxf6+ Kd5 40. Rh6 Kxd4 41. Rh7 a6 42. Rd7+ Ke4 43. Rh7 Kd5 44. a3 Kc6 45.
h6 Kb5 46. Rxc7 Rxh6 1/2-1/2

[Event "International Tournament"]
[Site "Pool "]
[Date "2022.07.11"]
[Round "4.66"]
[White "Bozinovic, Bogdan"]
[Black "Watarkar, Yash"]
[Result "0-1"]
[WhiteElo "2165"]
[BlackElo "1792"]
[PlyCount "114"]
[EventDate "2022.07.08"]

1. d4 Nf6 2. c4 e6 3. Nc3 Bb4 4. Bd2 O-O 5. Nf3 b6 6. g3 Bb7 7. Bg2 a5 8. O-O
Bxc3 9. Bxc3 d6 10. d5 e5 11. Nh4 Nbd7 12. e4 Nc5 13. Qe2 Re8 14. f3 Bc8 15.
Bd2 h6 16. Bh1 g5 17. Ng2 Kh7 18. Ne3 Rg8 19. Ng4 Nh5 20. Nf2 Ng7 21. Bg2 Bd7
22. Kh1 Qe7 23. Rae1 Raf8 24. Nd3 Nxd3 25. Qxd3 Kh8 26. Bc3 f6 27. Rf2 Nh5 28.
Qf1 Kh7 29. Bh3 Ng7 30. Bd2 f5 31. f4 gxf4 32. gxf4 fxe4 33. Rxe4 Bf5 34. Bxf5+
Rxf5 35. fxe5 Rxe5 36. Rf6 Rf8 37. Rxe5 Qxf6 38. Qxf6 Rxf6 39. Re7 Kg6 40. Rxc7
Nf5 41. Bc3 Rf8 42. Rc6 Kg5 43. Bd2+ Kg4 44. Rxb6 Nh4 45. h3+ Kxh3 46. Rb3+ Kg4
47. Bxh6 Rh8 48. Bg7 Rh7 49. Bf8 Ng6+ 50. Kg2 Nxf8 51. Rb6 Ng6 52. Rxd6 Nf4+
53. Kf2 Re7 54. Ra6 Re2+ 55. Kf1 Kf3 56. Rxa5 Nd3 57. Kg1 Kg3 0-1

[Event "International Tournament"]
[Site "Pool "]
[Date "2022.07.11"]
[Round "4.67"]
[White "Aditya, Varun Gampa"]
[Black "Prokhorov, Ivan"]
[Result "1/2-1/2"]
[WhiteElo "1980"]
[BlackElo "2162"]
[PlyCount "55"]
[EventDate "2022.07.08"]

1. e4 e5 2. Nc3 Nf6 3. Bc4 Nxe4 4. Qh5 Nd6 5. Qxe5+ Qe7 6. Qxe7+ Bxe7 7. Bb3
Nf5 8. Nf3 c6 9. O-O d5 10. Re1 f6 11. h4 Na6 12. d4 Kd8 13. Ne2 Nc7 14. Bf4
Re8 15. c3 Bd6 16. Bxd6 Nxd6 17. Ng3 Ne6 18. Bc2 g6 19. h5 Nf4 20. hxg6 hxg6
21. Nh4 f5 22. Rxe8+ Kxe8 23. Re1+ Kf7 24. Ne2 Nxe2+ 25. Rxe2 Kf6 26. f4 Ne4
27. Nf3 Be6 28. Ne5 1/2-1/2

[Event "International Tournament"]
[Site "Pool "]
[Date "2022.07.11"]
[Round "4.68"]
[White "Zheng, Harry Z"]
[Black "Aaditya, Dhingra"]
[Result "1-0"]
[WhiteElo "1946"]
[BlackElo "2156"]
[PlyCount "183"]
[EventDate "2022.07.08"]

1. e4 c5 2. Nf3 e6 3. d4 cxd4 4. Nxd4 a6 5. Bd3 Bc5 6. Nb3 Be7 7. Qg4 g6 8. Qe2
d6 9. O-O Nd7 10. Nc3 Qc7 11. a4 b6 12. f4 Ngf6 13. f5 gxf5 14. exf5 e5 15. Ne4
Bb7 16. Re1 Rg8 17. c4 a5 18. Nbd2 Rc8 19. b3 Nc5 20. Bc2 Kf8 21. Ba3 Qc6 22.
Bxc5 bxc5 23. Nf3 Rg4 24. Nxf6 Bxf6 25. h3 Rf4 26. Nd2 e4 27. Rad1 Bd4+ 28. Kh2
e3 29. Nf3 Qc7 30. Rf1 Bxf3 31. Rxf3 Rxf3 32. Qxf3 f6 33. g3 Re8 34. Re1 Qe7
35. Re2 Qe5 36. Qb7 Re7 37. Qa8+ Kg7 38. Qxa5 Bc3 39. Qa8 Bd2 40. Qh1 Qc3 41.
Qb1 Qd4 42. Qh1 Qc3 43. Qb1 h5 44. h4 Kh6 45. Be4 Rg7 46. Bc2 Rg4 47. Kh3 Kg7
48. Qd1 Kf8 49. Qb1 Ke7 50. Qd1 Kd8 51. Qb1 Kc7 52. Qd1 Kb6 53. Qb1 Ka5 54. Qd1
Kb4 55. Rg2 Qe5 56. Qe2 Qd4 57. Rg1 Qe5 58. Rg2 Bc3 59. Rg1 Bd2 60. Rg2 Kc3 61.
Qd3+ Kb4 62. Qe2 Qe8 63. Rg1 Rd4 64. Bd1 Re4 65. Bc2 Re5 66. Rg2 Ka5 67. Rg1
Kb6 68. Rg2 Kc7 69. Bd3 Qb8 70. Bc2 Qe8 71. Bd3 d5 72. Qf3 d4 73. Qe2 Qb8 74.
Qxh5 Qxb3 75. Qf7+ Kb8 76. Qf8+ Ka7 77. Qf7+ Kb8 78. Qxf6 Re8 79. Qd6+ Kb7 80.
Qd7+ Kb6 81. Qxe8 Qxd3 82. Qb5+ Ka7 83. Qxc5+ Ka8 84. Qf8+ Kb7 85. Qe7+ Ka6 86.
f6 Qf1 87. Kh2 Be1 88. f7 Bxg3+ 89. Kxg3 Qe1+ 90. Kg4 Qd1+ 91. Kg5 Qf1 92. f8=Q
1-0

[Event "International Tournament"]
[Site "Pool "]
[Date "2022.07.11"]
[Round "4.69"]
[White "Temizer, Umut"]
[Black "Pikula, Dejan"]
[Result "1-0"]
[WhiteElo "1921"]
[BlackElo "2325"]
[PlyCount "41"]
[EventDate "2022.07.08"]

1. e4 d6 2. d4 g6 3. Nc3 Bg7 4. h4 h5 5. Be2 a6 6. Bg5 Nd7 7. Qd2 c5 8. Nf3
cxd4 9. Nxd4 Ngf6 10. O-O-O O-O 11. g4 hxg4 12. h5 Ne5 13. h6 Bh8 14. h7+ Nxh7
15. Rxh7 Kxh7 16. Rh1+ Kg8 17. Bxe7 Bg7 18. Bxd8 Rxd8 19. Nd5 Be6 20. Nxe6 fxe6
21. Nc7 1-0

[Event "International Tournament"]
[Site "Pool "]
[Date "2022.07.11"]
[Round "4.70"]
[White "Stankovic, Boris"]
[Black "Anacak, Hasan Gunes"]
[Result "0-1"]
[WhiteElo "2286"]
[BlackElo "1939"]
[PlyCount "74"]
[EventDate "2022.07.08"]

1. e4 c5 2. Nf3 d6 3. d4 cxd4 4. Nxd4 Nf6 5. Nc3 Nc6 6. Bg5 e6 7. Qd2 a6 8.
O-O-O Bd7 9. f4 Be7 10. Nf3 b5 11. Bxf6 gxf6 12. f5 Qb6 13. g3 O-O-O 14. Kb1
Kb8 15. fxe6 fxe6 16. Bh3 Na5 17. b3 b4 18. Ne2 e5 19. Bxd7 Rxd7 20. Nh4 d5 21.
exd5 Rhd8 22. Nf5 Bc5 23. g4 Nb7 24. Neg3 Nd6 25. Nxd6 Rxd6 26. Nf5 Rxd5 27.
Qxd5 Rxd5 28. Rxd5 Qb7 29. Rdd1 Qf3 30. h3 Kc7 31. Rdf1 Qc3 32. h4 a5 33. g5 a4
34. gxf6 a3 35. Kc1 e4 36. Kd1 e3 37. Rh2 e2+ 0-1

[Event "International Tournament"]
[Site "Pool "]
[Date "2022.07.11"]
[Round "4.71"]
[White "Nikolakis, Panagiotis Marios"]
[Black "Nurmanova, Alua"]
[Result "1/2-1/2"]
[WhiteElo "1905"]
[BlackElo "2275"]
[PlyCount "84"]
[EventDate "2022.07.08"]

1. e4 c5 2. Nf3 d6 3. d4 cxd4 4. Nxd4 Nf6 5. Nc3 a6 6. Be2 e6 7. Be3 Qc7 8. Qd2
b5 9. a3 Nbd7 10. O-O-O Rb8 11. g4 Ne5 12. f3 Nc4 13. Bxc4 bxc4 14. Qe2 Nd7 15.
Kb1 Nb6 16. Ka1 Bd7 17. Rb1 Be7 18. f4 O-O 19. g5 d5 20. Qg2 dxe4 21. Qxe4 Rfe8
22. h4 Bc8 23. Qc6 Qd8 24. Nf3 Bb7 25. Qxb6 Bxf3 26. Qxd8 Rexd8 27. Rhf1 Bg4
28. Rf2 Rd7 29. Ne4 Rdb7 30. Ka2 Rb5 31. Nc3 R5b7 32. Ne4 Kf8 33. Rd2 Rc7 34.
f5 Rcc8 35. f6 Bd8 36. Rg1 Bh5 37. fxg7+ Kxg7 38. Bd4+ Kf8 39. Bc5+ Kg7 40.
Bd4+ Kf8 41. Bc5+ Kg7 42. Bd4+ Kf8 1/2-1/2

[Event "International Tournament"]
[Site "Pool "]
[Date "2022.07.11"]
[Round "4.72"]
[White "Gordon, Evgeny"]
[Black "Balabayeva, Xeniya"]
[Result "0-1"]
[WhiteElo "2009"]
[BlackElo "2198"]
[Annotator "HP"]
[PlyCount "58"]
[EventDate "2022.07.08"]

1. d4 d5 2. Nf3 e6 3. c4 Nf6 4. Nc3 c5 5. cxd5 cxd4 6. Qxd4 exd5 7. Bg5 Be7 8.
e3 O-O 9. Be2 Nc6 10. Qd2 Be6 11. Nd4 h6 12. Bh4 Qb6 13. O-O Nxd4 14. Qxd4 Qxd4
15. exd4 Rac8 16. Bd3 g5 17. Bg3 Nh5 18. Ne2 Ng7 19. Rac1 Bf5 20. Bxf5 Nxf5 21.
f3 Bb4 22. Bf2 Bd2 23. Rc5 Ne3 24. Bxe3 Bxe3+ 25. Kh1 Rxc5 26. dxc5 Bxc5 27.
Nc3 Rd8 28. Rd1 d4 29. Ne4 Bb6 {Unclear} 0-1

[Event "International Tournament"]
[Site "Pool "]
[Date "2022.07.11"]
[Round "4.73"]
[White "Papaioannou, Dimitrios"]
[Black "Zhdanov, Petr"]
[Result "1-0"]
[WhiteElo "2142"]
[BlackElo "1919"]
[PlyCount "41"]
[EventDate "2022.07.08"]

1. e4 c5 2. Nf3 Nc6 3. d4 cxd4 4. Nxd4 Nf6 5. Nc3 e6 6. Ndb5 Bb4 7. a3 Bxc3+ 8.
Nxc3 d5 9. Bd3 O-O 10. O-O Ne5 11. exd5 exd5 12. Bg5 Be6 13. Re1 Nxd3 14. Qxd3
h6 15. Bh4 g5 16. Bg3 Rc8 17. Be5 Ng4 18. Bd4 a6 19. Rxe6 Nxf2 20. Rg6+ Kh7 21.
Rg7+ 1-0